Humoristes francophones 2 - Statistiques

Statistiques générales
  • Ce quiz a été pris 26 fois
  • Le résultat moyen est 9 sur 24
Statistiques - réponses
Par images Réponse % Correct
Jarry
100%
Booder
96%
Jeff Panacloc
96%
Les chevaliers du fiel
72%
Malik Bentalha
64%
Smain
52%
Michel Boujenah
44%
Raymond Devos
44%
Les Charlots
40%
Stephane Guillon
36%
Les freres Taloche
32%
Virginie Lemoine
32%
Jean Marc Thibault
28%
Jean Yann
28%
Michel Serrault
28%
Robert Castel
16%
Roger Pierre
16%
André Lamy
8%
Anne Marie Carriere
8%
Gustave Parking
8%
Pierre Doris
8%
Sandrine Alexi
8%
Jean Jacques Vanier
0%
Romain Bouteille
0%
Aucun quiz correspondant
Distribution des résultats
% des personnes avec chaque résultat
Percentile par nombre de réponses
Votre historique - résultats
Vous n’avez pas pris ce quiz